Studies on photosynthetic rates and its early implications in Hevea breeding (Record no. 45728)

MARC details
000 -LEADER
fixed length control field 00342nam a2200121Ia 4500
100 ## - MAIN ENTRY--AUTHOR NAME
Personal name Samsuddin Z
245 #0 - TITLE STATEMENT
Title Studies on photosynthetic rates and its early implications in Hevea breeding
260 ## - PUBLICATION, DISTRIBUTION, ETC. (IMPRINT)
Name of publisher Malaysian Applied Biology
Year of publication 1987
300 ## - PHYSICAL DESCRIPTION
Number of Pages 63-71
700 ## - ADDED ENTRY--PERSONAL NAME
Personal name Yoon PK
942 ## - ADDED ENTRY ELEMENTS (KOHA)
Koha item type Reprints
Holdings
Withdrawn status Lost status Damaged status Not for loan Home library Current library Date acquired Serial Enumeration / chronology Koha item type
      Reprints RRII Library RRII Library 22/12/2021 Volume 16, Issue 1 Reprints